000
00296nam a22001337a 4500
008
180925b xxu||||| |||| 00| 0 eng d
020
_a
9780873528085
041
_a
eng
080
_a
821`
100
_a
23
101
_a
GJU
245
_a
Literary Research Guide
_c
Harner.J/L
942
_2
udc
_c
BK
999
_c
48440
_d
48440